| 000 | 00856nam a2200241 i 4500 | ||
|---|---|---|---|
| 001 | 34893 | ||
| 003 | ES-MaACL | ||
| 005 | 20240306142522.0 | ||
| 007 | t| | ||
| 008 | 030211s1973 sp ||||1| spa d | ||
| 100 | 1 |
_aBonnín, Pere. _930284 |
|
| 245 | 1 | 0 |
_aAsí hablan los nazis _b: aproximación al estudio del lenguaje fascista en los medios de comunicación / _cPere Bonnín. |
| 250 | _a[1ª ed.]. | ||
| 260 |
_a[Barcelona] : _bDopesa, _c[1973] |
||
| 300 |
_a148 p. ; _c19 cm. |
||
| 490 | 1 |
_aColección Documento Periodístico ; _v47 |
|
| 650 | 4 |
_aNacionalsocialismo _915470 |
|
| 650 | 4 |
_aPrensa y política- _zAlemania- _vHistoria. _9168954 |
|
| 651 | 4 |
_aAlemania- _xPolítica y gobierno- _y1933-1945. _9140301 |
|
| 830 | 0 |
_aColección Documento Periodístico ; _v47 _9229519 |
|
| 852 |
_aES-MaACL _jC-55540 _bR.88010 |
||
| 999 |
_c34893 _d34893 |
||